| 000 | 00410nam a2200181Ia 4500 | ||
|---|---|---|---|
| 001 | 3774 | ||
| 005 | 20260306145708.0 | ||
| 008 | 260306t1973||||xx |||||||||||||| ||spa|| | ||
| 041 | _aESP | ||
| 082 |
_a303.38 _bC83 |
||
| 100 |
_aCossio, Carlos _eAUT |
||
| 245 | 0 | _aLa opinión pública | |
| 260 | _c1973 | ||
| 300 |
_a246 páginas : _c18 cm. |
||
| 650 | _aGEN | ||
| 654 | _aCHU | ||
| 942 |
_cLIB _dJUS _fJUS _2ddc _n |
||
| 999 |
_c3774 _d3774 |
||